<?xml version="1.0" encoding="UTF-8"?>
<record
    xmlns:xsi="http://www.w3.org/2001/XMLSchema-instance"
    xsi:schemaLocation="http://www.loc.gov/MARC21/slim http://www.loc.gov/standards/marcxml/schema/MARC21slim.xsd"
    xmlns="http://www.loc.gov/MARC21/slim">

  <leader>00694nam a2200193Ia 4500</leader>
  <controlfield tag="001">39586</controlfield>
  <controlfield tag="003">OSt</controlfield>
  <controlfield tag="005">20160311115256.0</controlfield>
  <controlfield tag="008">140423s9999    xx            000 0 und d</controlfield>
  <datafield tag="020" ind1=" " ind2=" ">
    <subfield code="a">9694770246</subfield>
  </datafield>
  <datafield tag="040" ind1=" " ind2=" ">
    <subfield code="c">PK-LaUMT</subfield>
  </datafield>
  <datafield tag="082" ind1=" " ind2=" ">
    <subfield code="a"> 509.2</subfield>
    <subfield code="b">URD-M</subfield>
  </datafield>
  <datafield tag="110" ind1=" " ind2=" ">
    <subfield code="a">Urdu Science Board</subfield>
  </datafield>
  <datafield tag="245" ind1=" " ind2=" ">
    <subfield code="a">(&#x645;&#x639;&#x631;&#x648;&#x641; &#x645;&#x633;&#x644;&#x645; &#x633;&#x627;&#x626;&#x646;&#x633;&#x62F;&#x627;&#x646;)Maroof muslim sciencedan (Urdu)</subfield>
    <subfield code="b">( &#x633;&#x648;&#x627;&#x62C;&#x62D; &#x639;&#x645;&#x631;&#x6CC; &#x633;&#x627;&#x626;&#x646;&#x633;&#x6CC; &#x6A9;&#x627;&#x631;&#x646;&#x627;&#x645;&#x6D2;)sawaneh aur sciensi karnamay)</subfield>
    <subfield code="c">(&#x627;&#x631;&#x62F;&#x648; &#x633;&#x627;&#x626;&#x6CC;&#x646;&#x633; &#x628;&#x648;&#x631;&#x688;)Urdu Science Board</subfield>
  </datafield>
  <datafield tag="260" ind1=" " ind2=" ">
    <subfield code="a">(&#x644;&#x627;&#x6C1;&#x648;&#x631;&#x60C;&#x67E;&#x627;&#x6A9;&#x633;&#x62A;&#x627;&#x646;)Lahore,Pakistan:</subfield>
    <subfield code="b">(&#x627;&#x631;&#x62F;&#x648; &#x633;&#x627;&#x626;&#x6CC;&#x646;&#x633; &#x628;&#x648;&#x631;&#x688;)Urdu Science Board,</subfield>
    <subfield code="c">2006</subfield>
  </datafield>
  <datafield tag="300" ind1=" " ind2=" ">
    <subfield code="a">1070 p.</subfield>
  </datafield>
  <datafield tag="546" ind1=" " ind2=" ">
    <subfield code="a">UR</subfield>
  </datafield>
  <datafield tag="942" ind1=" " ind2=" ">
    <subfield code="c">BK</subfield>
    <subfield code="2">ddc</subfield>
  </datafield>
  <datafield tag="999" ind1=" " ind2=" ">
    <subfield code="c">38893</subfield>
    <subfield code="d">38893</subfield>
  </datafield>
  <datafield tag="952" ind1=" " ind2=" ">
    <subfield code="0">0</subfield>
    <subfield code="1">0</subfield>
    <subfield code="4">0</subfield>
    <subfield code="7">0</subfield>
    <subfield code="a">01</subfield>
    <subfield code="b">01</subfield>
    <subfield code="d">2014-04-23</subfield>
    <subfield code="l">3</subfield>
    <subfield code="o"> 509.2 URD-M</subfield>
    <subfield code="p">42610</subfield>
    <subfield code="r">2017-02-04 00:00:00</subfield>
    <subfield code="s">2017-01-28</subfield>
    <subfield code="w">2014-05-05</subfield>
    <subfield code="y">BK</subfield>
  </datafield>
  <datafield tag="952" ind1=" " ind2=" ">
    <subfield code="0">0</subfield>
    <subfield code="1">0</subfield>
    <subfield code="2">ddc</subfield>
    <subfield code="4">0</subfield>
    <subfield code="7">0</subfield>
    <subfield code="a">01</subfield>
    <subfield code="b">01</subfield>
    <subfield code="d">2017-01-14</subfield>
    <subfield code="l">0</subfield>
    <subfield code="o">509.2 URD-M</subfield>
    <subfield code="p">103960</subfield>
    <subfield code="r">2017-01-14 00:00:00</subfield>
    <subfield code="t">C. 2</subfield>
    <subfield code="w">2017-01-14</subfield>
    <subfield code="y">BK</subfield>
  </datafield>
</record>
